01146nam a2200301 a 4500001001200000003000800012006001900020007001500039008004100054015001500095020001500110020002200125040002100147035002000168050002600188082001600214100002700230245008200257260005200339300002300391504006600414533015200480650002300632655002900655710001700684856012600701999001700827ebr10076742CaPaEBRm u cr cn|||||||||020710s2002 enka sb 001 0 eng d aGBA1-Y7372 z0761970053 z0761970061 (PBK.) aCaPaEBRcCaPaEBR a(OCoLC)7077391714aHD58.7b.A4736 2002eb04a302.3/52211 aAlvesson, Mats,d1956-10aUnderstanding organizational cultureh[electronic resource] /cMats Alvesson. aLondon ;aThousand Oaks, Calif. :bSAGE,c2002. avi, 214 p. :bill. aIncludes bibliographical references (p. [196]-208) and index. aElectronic reproduction.bPalo Alto, Calif. :cebrary,d2013.nAvailable via World Wide Web.nAccess may be limited to ebrary affiliated libraries. 0aCorporate culture. 7aElectronic books.2local2 aebrary, Inc.40uhttp://site.ebrary.com/lib/rucke/Doc?id=10076742zAn electronic book accessible through the World Wide Web; click to view c73981d73981